000 01397nam a2200289 a 4500
001 ebr10537856
003 CaPaEBR
006 m u
007 cr cn|||||||||
008 120317s2012 enka sf 001 0 eng d
020 _z9781849685641
020 _z9781849685658 (e-book)
040 _aCaPaEBR
_cCaPaEBR
035 _a(OCoLC)787844565
050 1 4 _aQA76.754
_b.M36 2012eb
245 0 0 _aManaging data and media in Microsoft Silverlight 4
_h[electronic resource] :
_ba mashup of chapters from Packt's bestselling Silverlight books : manage data in Silverlight, build and maintain rich dashboards, integrate SharePoint with Silverlight, and more : [professional expertise distilled] /
_cseries editor, Carl Jones.
260 _aOlton Birmingham [England] :
_bPackt Pub.,
_c2012.
300 _av, 510 p. :
_bill. (some col.)
500 _aIncludes index.
533 _aElectronic reproduction.
_bPalo Alto, Calif. :
_cebrary,
_d2011.
_nAvailable via World Wide Web.
_nAccess may be limited to ebrary affiliated libraries.
650 0 _aMicrosoft software
_vHandbooks, manuals, etc.
650 0 _aElectronic data processing
_vHandbooks, manuals, etc.
655 7 _aElectronic books.
_2local
700 1 _aJones, Carl.
710 2 _aebrary, Inc.
856 4 0 _uhttp://site.ebrary.com/lib/rucke/Doc?id=10537856
_zAn electronic book accessible through the World Wide Web; click to view
999 _c134742
_d134742